000 00258nam a22001217a 4500
008 181008b xxu||||| |||| 00| 0 eng d
041 _aeng
080 _a370
100 _a46
101 _aedu
245 _aMagnetic Cooling
_cGrreet.c.cb
942 _2udc
_cBK
999 _c49009
_d49009